|
|
|
|
| LEADER |
00000nam0a2200000 4500 |
| 001 |
15289 |
| 005 |
20231030190155.0 |
| 035 |
|
|
|a (RuTPU)RU\TPU\book\15396
|
| 035 |
|
|
|a BOOK00015465
|
| 090 |
|
|
|a 15289
|
| 100 |
|
|
|a 20011209d1988 km y0rusy50 ca
|
| 101 |
0 |
|
|a rus
|
| 102 |
|
|
|a RU
|
| 105 |
|
|
|a a z 001zy
|
| 200 |
1 |
|
|a Ступени к семейному счастью
|f И. В. Бестужев-Лада
|
| 210 |
|
|
|a Москва
|c Мысль
|d 1988
|
| 215 |
|
|
|a 301 с.
|c ил.
|
| 610 |
1 |
|
|a социология семьи
|
| 610 |
1 |
|
|a социология брака
|
| 610 |
1 |
|
|a семья
|
| 610 |
1 |
|
|a брак
|
| 686 |
|
|
|a С55.53
|v LBC/SL-A
|2 rubbk
|
| 700 |
|
1 |
|a Бестужев-Лада
|b И. В.
|g Игорь Васильевич
|
| 801 |
|
0 |
|a RU
|b 63413507
|c 20011209
|g PSBO
|
| 801 |
|
2 |
|a RU
|b 63413507
|c 20130820
|g PSBO
|
| 942 |
|
|
|c BK
|